One, Two...Not Three XXI Quiz Stats

 Plays Quiz Updated Apr 2, 2020

Support Sporcle.
Go Orange.
Score 0/29 Timer 09:00
0 Plays Today
% Correct
Movies (Disney)
94.3%
Movies (Horror)
91.3%
Yelling Terms
90.9%
Senses
89.8%
Movies (Bill Murray | Harold Ramis)
89.7%
Words to Describe a Gentle Person
89.5%
Dental Care Companies
89.5%
Things to Do in the Ocean
89.5%
Attributes of a Skunk
89.2%
Parts of a Traditional Wedding
88.4%
Ice Cream _____
88.3%
Oaths
87.8%
Things to Do on a Computer
87.4%
1,001 Arabian Nights Characters
87.1%
Numbers (Ordinal)
86.7%
% Correct
One-Name Entertainers
86.6%
Small Mammals
86.5%
Tele_____
86.3%
Names for the Virgin Mary
86.2%
Glam Metal Bands
85.7%
NCAA D-I Universities
82.9%
Bar _____
82.4%
S.C. Johnson Cleaning Products
80.1%
Field _____
80%
Islands
78.7%
SI Base Units
78.4%
Synonyms for 'Sort'
77.8%
Holidays
71.2%
IPA: |mɑr ʃəl|
69.4%

From the Vault

Logos Through the Ages: Nintendo

by Darzlat

Gaming 2m
Looks like the logo has leveled-up a few times over the years.
Remove Ads.
Support Sporcle.
Get the best of Sporcle when you Go Orange. This ad-free experience offers more features, more stats, and more fun while also helping to support Sporcle. Thank you for becoming a member.

Show Comments

Extras

Top Quizzes Today


Score Distribution

Your Account Isn't Verified!

In order to create a playlist on Sporcle, you need to verify the email address you used during registration. Go to your Sporcle Settings to finish the process.

Report this User

Report this user for behavior that violates our Community Guidelines.

Details: